[Event "9th Sunway Sitges 2022"]
[Site "Sitges ESP"]
[Date "2022.12.??"]
[Round "8.47"]
[White "Pogorelov, Ruslan"]
[Black "Velten, Paul"]
[Result "1/2-1/2"]
[WhiteTitle "GM"]
[BlackTitle "GM"]
[WhiteElo "2288"]
[BlackElo "2465"]
[WhiteFideId "14100363"]
[BlackFideId "681091"]
[EventDate "2022.12.12"]

1. Nf3 d5 2. d4 Nf6 3. c4 dxc4 4. e3 Bg4 5. Bxc4 e6 6. h3 Bh5 7. Nc3 Nc6 8. O-O
Bd6 9. e4 Bxf3 10. gxf3 e5 11. dxe5 Nxe5 12. Bb5+ c6 13. f4 cxb5 14. Nxb5 Nc4
15. Qa4 O-O 16. Qxc4 Rc8 17. Qe2 Bc5 18. e5 Qe8 19. Nc3 Nd7 20. Be3 f5 21. Qf3
Rc6 22. Kh2 Kh8 23. Rg1 Bxe3 24. fxe3 Nc5 25. Rad1 Qe7 26. Rg2 Ne6 27. Nb5 g5
28. Nd4 Nxd4 29. exd4 g4 30. hxg4 Rh6+ 31. Kg1 fxg4 32. Qxg4 Rg6 33. Qh3 Rxg2+
34. Kxg2 Rxf4 35. Rd3 Qd8 36. d5 Qg8+ 37. Kh2 Qg6 38. Qc8+ Kg7 39. Qd7+ Rf7 40.
Qh3 Kh8 41. Qc8+ Kg7 42. Qh3 Kh8 43. Qc8+ 1/2-1/2

[Event "9th Sunway Sitges 2022"]
[Site "Sitges ESP"]
[Date "2022.12.20"]
[Round "8.48"]
[White "Kristoferitsch, Daniel"]
[Black "Narciso Dublan, Marc"]
[Result "0-1"]
[WhiteTitle "FM"]
[BlackTitle "GM"]
[WhiteElo "2286"]
[BlackElo "2448"]
[WhiteFideId "1642650"]
[BlackFideId "2201500"]
[EventDate "2022.12.12"]

1. d4 d5 2. c4 c6 3. Nc3 Nf6 4. e3 a6 5. Qc2 g6 6. Bd3 Bg7 7. Nf3 O-O 8. O-O Bg4
9. Ne5 Be6 10. c5 Nbd7 11. Nxd7 Qxd7 12. Na4 Rae8 13. Nb6 Qd8 14. f4 Nd7 15. Na4
Kh8 16. Bd2 f6 17. Rf3 Bg4 18. Rg3 f5 19. h3 Bh5 20. Rg5 e6 21. g4 h6 22. Rxh5
gxh5 23. gxf5 Qh4 24. Kg2 Rg8 25. Be1 Be5+ 26. Kh2 Bxf4+ 27. exf4 Qxf4+ 28. Kh1
Qe3 0-1

[Event "9th Sunway Sitges 2022"]
[Site "Sitges ESP"]
[Date "2022.12.20"]
[Round "8.49"]
[White "Ram, Aravind L N"]
[Black "Bulmaga, Irina"]
[Result "1/2-1/2"]
[WhiteTitle "FM"]
[BlackTitle "IM"]
[WhiteElo "2272"]
[BlackElo "2432"]
[WhiteFideId "25033760"]
[BlackFideId "13903063"]
[EventDate "2022.12.12"]

1. e4 e5 2. Nf3 Nc6 3. Bb5 g6 4. O-O Bg7 5. c3 a6 6. Ba4 d6 7. Re1 Ne7 8. h3 O-O
9. d4 b5 10. Bb3 exd4 11. cxd4 Na5 12. Bc2 c5 13. Nc3 Bb7 14. Rb1 Nac6 15. Be3
cxd4 16. Nxd4 Ne5 17. b3 Rc8 18. Qd2 N5c6 19. Nxc6 Rxc6 20. Ne2 d5 21. Bd4 dxe4
22. Bxe4 Rd6 23. Bxb7 Nf5 24. Rbd1 Bxd4 25. Nxd4 Nxd4 26. Kh1 Qb6 27. Be4 Rfd8
28. Qb2 b4 29. f4 Nb5 30. Rxd6 Qxd6 31. Qf2 Qd2 32. Re2 Qd6 33. Re1 Nc3 34. Bb7
Rb8 35. f5 Kg7 36. Bf3 Rb5 37. Bg4 Re5 38. Rxe5 Qxe5 39. fxg6 hxg6 40. Bf3 a5
41. h4 Nb5 42. h5 gxh5 43. Qh4 Nc3 44. Bxh5 Ne4 45. Kg1 f6 46. Qg4+ Ng5 47. Qd7+
Kh6 48. Bg4 Ne4 49. Bf5 Qc5+ 50. Kh2 Qd6+ 51. Qxd6 Nxd6 52. Bd3 Nf7 53. Kg3 Ne5
54. Bc2 Kg5 55. Kf2 Kf4 56. g3+ Kg4 57. Bd1+ Kf5 58. Ke3 Nc6 59. Bf3 Na7 60. Kd4
Nb5+ 61. Kc4 Na3+ 62. Kd5 Nb5 63. Kc4 Nc7 64. Kd4 Ke6 65. Kc5 Ke5 66. Kb6 Kd6
67. Kxa5 Kc5 68. Be2 Nd5 69. Bc4 Nc3 70. g4 Nxa2 71. Bg8 Nc3 72. Bf7 Nb5 73. Bg8
Nd4 74. Bf7 Nc6+ 75. Ka4 Nd4 76. Ka5 Nf3 77. Bg8 Nd4 78. Bf7 Ne2 79. Bg8 Nc3 80.
Be6 Ne2 81. Bg8 Nd4 82. Bf7 f5 83. gxf5 Nxf5 84. Bg8 Nd4 85. Bf7 Nb5 86. Bg8 Nc3
87. Bf7 Na2 88. Bg8 Kd4 89. Bf7 Kc3 90. Bg8 Nc1 91. Ka4 Nd3 92. Kb5 Nc1 93. Ka4
Ne2 94. Bf7 Ng3 95. Bg8 Ne4 96. Kb5 Ng5 97. Ka4 Nh3 98. Bf7 Nf2 99. Bg8 Nd1 100.
Bf7 Nb2+ 101. Kb5 Nd3 102. Bg8 Ne5 103. Ka4 Nc6 104. Bf7 1/2-1/2

[Event "9th Sunway Sitges 2022"]
[Site "Sitges ESP"]
[Date "2022.12.20"]
[Round "8.51"]
[White "Rakshitta, Ravi"]
[Black "Bai, Adelard"]
[Result "0-1"]
[WhiteTitle "WIM"]
[BlackTitle "FM"]
[WhiteElo "2242"]
[BlackElo "2411"]
[WhiteFideId "25073230"]
[BlackFideId "16301188"]
[EventDate "2022.12.12"]

1. e4 e5 2. Nf3 Nc6 3. Nc3 Nf6 4. d4 exd4 5. Nxd4 Bc5 6. Be3 Bb6 7. Qd2 O-O 8.
O-O-O Re8 9. f3 d6 10. h4 Qe7 11. g4 Nxd4 12. Bxd4 Be6 13. h5 Bxd4 14. Qxd4 h6
15. g5 hxg5 16. h6 g6 17. h7+ Kg7 18. e5 Nh5 19. exd6+ Qf6 20. Qxf6+ Nxf6 21.
dxc7 Nxh7 22. Bh3 Bxh3 23. Rxh3 Nf6 24. Rd4 a6 25. Rb4 b5 26. a4 bxa4 27. f4 g4
28. Rd3 Rac8 29. Rxa4 Rxc7 30. Rxa6 Rc4 31. b3 Rxf4 32. Kb2 Rf3 33. Rd1 g3 34.
b4 Ree3 35. Rc6 Ne4 36. Nd5 Re2 37. Ra6 Rff2 38. b5 Rxc2+ 39. Ka3 g2 40. b6 Ra2+
41. Kb3 Nc5+ 0-1

[Event "9th Sunway Sitges 2022"]
[Site "Sitges ESP"]
[Date "2022.12.20"]
[Round "8.52"]
[White "Rajarishi, Karthi"]
[Black "Leisch, Lukas"]
[Result "1/2-1/2"]
[WhiteTitle "CM"]
[BlackTitle "IM"]
[WhiteElo "2239"]
[BlackElo "2405"]
[WhiteFideId "5092523"]
[BlackFideId "1632094"]
[EventDate "2022.12.12"]

1. d4 Nf6 2. c4 e6 3. Nc3 Bb4 4. f3 c5 5. a3 Bxc3+ 6. bxc3 Nc6 7. e4 d6 8. Be3
b6 9. Bd3 Na5 10. Ne2 Ba6 11. Ng3 Qc7 12. Rc1 Rc8 13. Bf4 cxd4 14. cxd4 Bxc4 15.
Bxc4 Nxc4 16. Qa4+ Nd7 17. Bxd6 Qxd6 18. Rxc4 O-O 19. Rxc8 Rxc8 20. O-O Rc3 21.
Qb4 Qc7 22. Rd1 Nf6 23. Ne2 Rc2 24. Rd2 Rc4 25. Qb5 h6 26. Kf2 Qc8 27. g3 Rc6
28. Qb3 Rc4 29. Qb5 Kf8 30. Ke3 Rc7 31. Rd3 Kg8 32. Qb4 Qa6 33. Rc3 Rxc3+ 34.
Qxc3 Qa4 35. Qc8+ Kh7 36. Qf8 Qd7 37. Nf4 Ne8 38. Nh5 f6 39. h4 e5 40. d5 a5 41.
f4 Qa4 42. fxe5 fxe5 43. Qf5+ 1/2-1/2

[Event "9th Sunway Sitges 2022"]
[Site "Sitges ESP"]
[Date "2022.12.20"]
[Round "8.53"]
[White "Bournel, Antoine"]
[Black "Atanasov, Anthony"]
[Result "0-1"]
[WhiteTitle "IM"]
[BlackTitle "FM"]
[WhiteElo "2392"]
[BlackElo "2251"]
[WhiteFideId "26093553"]
[BlackFideId "2623897"]
[EventDate "2022.12.12"]

1. d4 Nf6 2. c4 g6 3. Nc3 d5 4. Nf3 Bg7 5. Qb3 dxc4 6. Qxc4 Be6 7. Qa4+ Bd7 8.
Qa3 c5 9. Qxc5 Na6 10. Qa3 Qb6 11. Bd2 Nb4 12. Rc1 Rc8 13. e3 Ne4 14. Be2 e5 15.
dxe5 Bf8 16. Qb3 Nc5 17. Nd5 Nbd3+ 18. Bxd3 Qxb3 19. axb3 Nxd3+ 20. Ke2 Nxc1+
21. Rxc1 Rxc1 22. Bxc1 Bg7 23. e4 Bg4 24. Bf4 Kd7 25. Kd3 Bxf3 26. gxf3 Rc8 27.
Bg3 g5 28. f4 gxf4 29. Bxf4 Ke6 30. Kd4 Rc2 31. Bg3 Rxb2 32. Kc3 Rb1 33. f4 h5
34. Ne3 Kd7 35. Kc2 Ra1 36. Kd3 Ra3 37. Kc3 Ra2 38. Nc4 h4 39. Bxh4 Rxh2 40. Be1
Rh3+ 41. Kc2 Bf8 42. b4 b5 43. Na5 Re3 44. Bd2 Re2 45. Nb3 Rxe4 46. Kd3 Rc4 47.
Nd4 a6 48. Nc2 Ke6 49. Nd4+ Kd7 50. Nc2 Be7 51. f5 Kc6 52. Bc3 Rf4 53. Bd2 Rg4
54. Be1 Bg5 55. e6 fxe6 56. fxe6 Kd5 57. e7 Re4 58. Bf2 Rxe7 59. Bb6 Rh7 60. Kc3
Rh3+ 61. Kb2 Kc4 62. Bc5 Bf6+ 63. Ka2 Rh2 64. Kb1 Kb3 0-1

[Event "9th Sunway Sitges 2022"]
[Site "Sitges ESP"]
[Date "2022.12.20"]
[Round "8.54"]
[White "Dionisi, Thomas"]
[Black "Aditya, Varun Gampa"]
[Result "1/2-1/2"]
[WhiteTitle "IM"]
[WhiteElo "2390"]
[BlackElo "2249"]
[WhiteFideId "651893"]
[BlackFideId "45066183"]
[EventDate "2022.12.12"]

1. e4 c5 2. Nf3 e6 3. d4 cxd4 4. Nxd4 a6 5. Bd3 Bc5 6. Nb3 Ba7 7. Qe2 Nc6 8. Be3
Nge7 9. Nc3 O-O 10. O-O-O d6 11. h4 b5 12. h5 b4 13. h6 g6 14. Na4 Bd7 15. Qd2
Qb8 16. Be2 Ne5 17. f4 Bxa4 18. fxe5 dxe5 19. Bc5 Bxb3 20. Bxe7 Bxa2 21. b3 Bd4
22. Qxb4 Qxb4 23. Bxb4 Rfb8 24. Ba5 Bxb3 25. cxb3 Rxb3 26. Rh3 Rc8+ 27. Kd2 Rb2+
28. Ke1 Ra2 29. Bd2 a5 30. Rb3 a4 31. Rb5 f5 32. Rc1 Rxc1+ 33. Bxc1 Ra1 34. Kd2
Kf7 35. Rb7+ Kf6 36. Rxh7 a3 37. Rc7 Rxc1 38. Rxc1 a2 39. Bc4 a1=Q 40. Rxa1 Bxa1
41. Bxe6 f4 42. Bc8 Bd4 43. Ke2 Bc5 44. Kf3 Bf8 45. h7 Kg7 46. g4 Kxh7 47. Ba6
Kh6 48. Bb5 Kg5 49. Be8 1/2-1/2

[Event "9th Sunway Sitges 2022"]
[Site "Sitges ESP"]
[Date "2022.12.20"]
[Round "8.55"]
[White "Sattarov, Bobir"]
[Black "Vaibhav, Jayant Raut"]
[Result "1-0"]
[WhiteTitle "IM"]
[BlackTitle "CM"]
[WhiteElo "2389"]
[BlackElo "2247"]
[WhiteFideId "14203081"]
[BlackFideId "5089034"]
[EventDate "2022.12.12"]

1. e4 c5 2. Nc3 e6 3. Nf3 Nc6 4. Bb5 Nge7 5. O-O g6 6. Bxc6 Nxc6 7. d4 cxd4 8.
Nxd4 Bg7 9. Ndb5 O-O 10. Bf4 e5 11. Be3 a6 12. Nd6 Qc7 13. Bc5 Nd4 14. b4 Ne6
15. Nd5 Qd8 16. Bb6 Qg5 17. g3 Kh8 18. h4 Qh6 19. Be3 Qh5 20. Qxh5 gxh5 21. Nb6
Rb8 22. c3 Kg8 23. Rfe1 Rd8 24. f4 exf4 25. gxf4 Bf8 26. e5 Bxd6 27. exd6 Ng7
28. f5 Re8 29. Rad1 f6 30. Bd4 Kf7 31. Rxe8 Kxe8 32. Nd5 1-0

[Event "9th Sunway Sitges 2022"]
[Site "Sitges ESP"]
[Date "2022.12.20"]
[Round "8.56"]
[White "Verbin, Valentina"]
[Black "Carbonell Sancho, Marc"]
[Result "0-1"]
[BlackTitle "FM"]
[WhiteElo "2088"]
[BlackElo "2384"]
[WhiteFideId "13905910"]
[BlackFideId "32029969"]
[EventDate "2022.12.12"]

1. e4 d6 2. d4 Nf6 3. Nc3 g6 4. Nf3 c6 5. a4 a5 6. Be2 Bg7 7. h3 O-O 8. O-O Na6
9. Be3 Qc7 10. Qd2 Nb4 11. Rac1 Rd8 12. Bh6 Bh8 13. Qe3 e5 14. dxe5 dxe5 15. Bc4
Be6 16. Bxe6 fxe6 17. Qc5 Nd7 18. Qc4 Re8 19. Rfd1 Nb6 20. Qc5 Nc8 21. Ng5 b6
22. Qc4 Bf6 23. Nxe6 Qf7 24. Nd5 cxd5 25. exd5 Nd6 26. Qc7 Nf5 27. Be3 Nxd5 28.
Rxd5 Qxe6 29. Rd7 Rec8 30. Qb7 Nd6 31. Qf3 Qxd7 32. Qxf6 Nf5 33. Bxb6 Rc6 0-1

[Event "9th Sunway Sitges 2022"]
[Site "Sitges ESP"]
[Date "2022.12.20"]
[Round "8.57"]
[White "Rendle, Thomas E"]
[Black "Lever, Erwan"]
[Result "1-0"]
[WhiteTitle "IM"]
[WhiteElo "2381"]
[BlackElo "2241"]
[WhiteFideId "408760"]
[BlackFideId "20640099"]
[EventDate "2022.12.12"]

1. e4 c5 2. Nf3 e6 3. c3 d5 4. exd5 Qxd5 5. d4 Nf6 6. Na3 Nc6 7. Be3 cxd4 8. Nb5
Qd7 9. Nbxd4 Nd5 10. Bb5 Bd6 11. Qa4 Nb6 12. Qc2 e5 13. Nb3 O-O 14. O-O-O Qc7
15. Ng5 g6 16. g4 Bxg4 17. Rdg1 Bh5 18. Qe4 Qe7 19. Qh4 f6 20. Ne6 Bf3 21. Nxf8
Rxf8 22. Nd2 Bxh1 23. Rxh1 Na5 24. Rg1 Bc5 25. Bh6 Rc8 26. Ne4 Nd5 27. Rd1 Bd4
28. Kb1 Rxc3 29. Nxc3 Qb4 30. Bd2 Kh8 31. Ka1 Nc4 32. Bxc4 Nb6 33. Qxf6# 1-0

[Event "9th Sunway Sitges 2022"]
[Site "Sitges ESP"]
[Date "2022.12.20"]
[Round "8.58"]
[White "Song, Julien"]
[Black "Dahale, Atul"]
[Result "1-0"]
[WhiteTitle "IM"]
[BlackTitle "CM"]
[WhiteElo "2369"]
[BlackElo "2222"]
[WhiteFideId "659487"]
[BlackFideId "5037794"]
[EventDate "2022.12.12"]

1. d4 Nf6 2. c4 g6 3. Nf3 Bg7 4. e3 d6 5. Be2 O-O 6. Nc3 c5 7. d5 e5 8. e4 a6 9.
O-O Kh8 10. Bg5 Qe8 11. Kh1 Ng8 12. Qd2 f5 13. exf5 gxf5 14. g3 Nd7 15. Rae1
Ndf6 16. Nh4 Ne4 17. Nxe4 fxe4 18. Bd1 Bh3 19. Rg1 Qf7 20. Rxe4 Qxf2 21. Ng6+
hxg6 22. Rh4+ Bh6 23. Qxf2 Rxf2 24. Bxh6 Nxh6 25. Rxh6+ Kg7 26. Rxh3 Rxb2 27.
Rg2 Rb1 28. Rd2 e4 29. g4 Rc1 30. Kg2 Rxc4 31. Bc2 Re8 32. Re3 Re5 33. Kg3 Rb4
34. h4 Rb2 35. a3 b5 36. Kf4 b4 37. axb4 cxb4 38. Rb3 Ra2 39. Rxb4 e3 40. Re2
g5+ 41. hxg5 Rxc2 42. Rxc2 e2 43. Rxe2 Rxe2 44. Rb6 Rf2+ 45. Ke3 Rf8 46. Rxd6
Ra8 47. Ke4 a5 48. Ke5 a4 49. Rd7+ Kg8 50. Rc7 a3 51. Rc1 a2 52. Ra1 Kf7 53. g6+
Ke7 54. g7 Kf7 55. d6 Ra5+ 56. Ke4 Kxg7 57. d7 Ra8 58. Rxa2 Rd8 59. Rd2 Kf7 60.
Kf4 Ke7 61. Ke5 Kf7 62. Kd6 1-0

[Event "9th Sunway Sitges 2022"]
[Site "Sitges ESP"]
[Date "2022.12.20"]
[Round "8.59"]
[White "Fitzsimons, David"]
[Black "Sai Agni Jeevitesh, J"]
[Result "0-1"]
[WhiteTitle "IM"]
[BlackTitle "IM"]
[WhiteElo "2352"]
[BlackElo "2226"]
[WhiteFideId "2501961"]
[BlackFideId "5070147"]
[EventDate "2022.12.12"]

1. e4 e5 2. Nf3 Nc6 3. Bc4 Nf6 4. d3 d5 5. exd5 Nxd5 6. O-O Nb6 7. Bb3 Bg4 8.
Re1 Qf6 9. Nbd2 O-O-O 10. h3 Bh5 11. Qe2 Bd6 12. c3 Rhe8 13. Ne4 Qe7 14. Bg5 f6
15. Be3 g5 16. a4 Bf7 17. Bxf7 Qxf7 18. b4 Nd5 19. b5 Nce7 20. c4 Nxe3 21. fxe3
Bb4 22. Reb1 Ba5 23. Rf1 Qg6 24. Rad1 h6 25. Qf2 Kb8 26. Kh1 f5 27. Nc5 Qd6 28.
d4 exd4 29. exd4 Ng6 30. Ng1 Nf4 31. Qf3 c6 32. bxc6 Qxc6 33. Qxc6 bxc6 34. g3
Nh5 35. Kg2 Bc3 36. d5 cxd5 37. cxd5 f4 38. Rf3 Be5 39. g4 Nf6 40. Rfd3 Bd6 41.
Ne6 Rc8 42. R1d2 Ka8 43. Ng7 Red8 44. Nf5 Bb4 45. Rd1 Ne4 46. Kf3 Nc3 47. Rc1
Nxa4 48. Rxc8+ Rxc8 49. d6 Rd8 50. Nxh6 Rxd6 51. Rxd6 Bxd6 52. Nf7 Be7 53. h4
gxh4 54. g5 Nc3 55. g6 Bf6 56. Nh3 a5 57. Nxf4 a4 58. Nd3 Nd5 59. Nc1 Ne7 60.
Nd6 Nxg6 61. Ne4 Bb2 62. Na2 Ne5+ 63. Kf4 Ka7 64. Nac3 Nd3+ 65. Kg4 Nf2+ 66.
Kxh4 Nxe4 67. Nxa4 Bd4 68. Kg4 Ka6 69. Kf3 Nd6 70. Ke2 Ka5 71. Kd3 Nb5 72. Nc3
Bxc3 73. Kc4 Bb4 74. Kd5 Kb6 75. Kc4 Bc5 76. Kd5 Nd6 77. Ke6 Kc6 78. Ke5 Be3 79.
Ke6 Bd4 80. Ke7 Kd5 81. Kd7 Bb6 82. Ke7 Ne4 83. Kd7 Nf6+ 84. Kc8 Kc6 85. Kb8 Nd5
86. Ka8 Nc7+ 87. Kb8 Bc5 88. Kc8 Ba7 89. Kd8 Nd5 90. Kc8 Ne7+ 91. Kd8 Kd6 92.
Ke8 Ke6 93. Kd8 Bb6+ 94. Ke8 Nf5 95. Kf8 Bc7 96. Ke8 Ng7+ 97. Kf8 Kf6 98. Kg8
Bd6 99. Kh7 Nf5 100. Kh8 Kg6 101. Kg8 Nh6+ 0-1

[Event "9th Sunway Sitges 2022"]
[Site "Sitges ESP"]
[Date "2022.12.20"]
[Round "8.60"]
[White "Meister, Peter"]
[Black "Nurgaliyev, Sauat"]
[Result "0-1"]
[WhiteTitle "IM"]
[BlackTitle "CM"]
[WhiteElo "2347"]
[BlackElo "2150"]
[WhiteFideId "4600207"]
[BlackFideId "13726285"]
[EventDate "2022.12.12"]

1. d4 Nf6 2. c4 g6 3. Nc3 d5 4. Nf3 Bg7 5. e3 O-O 6. Bd2 Nc6 7. h3 Re8 8. cxd5
Nxd5 9. e4 Nb6 10. Be3 f5 11. Qb3+ e6 12. exf5 gxf5 13. O-O-O a5 14. Bg5 Qd6 15.
Nb5 a4 16. Qc2 Qd7 17. Ne5 Nxe5 18. dxe5 Nd5 19. Bc4 Ra5 20. Bxd5 Qxb5 21. Bc4
Qc6 22. Kb1 Rxe5 23. Rc1 a3 24. bxa3 b6 25. f3 Qa8 26. Qb3 Ba6 27. a4 b5 28.
axb5 Bxb5 29. Bxb5 Rxb5 30. Qxb5 Rb8 31. Qxb8+ Qxb8+ 32. Kc2 Qb2+ 33. Kd3 Qd4+
34. Ke2 f4 0-1

[Event "9th Sunway Sitges 2022"]
[Site "Sitges ESP"]
[Date "2022.12.20"]
[Round "8.61"]
[White "Sarkar, Justin"]
[Black "Priyanka, K"]
[Result "1-0"]
[WhiteTitle "IM"]
[BlackTitle "WIM"]
[WhiteElo "2343"]
[BlackElo "2146"]
[WhiteFideId "2010011"]
[BlackFideId "5082986"]
[EventDate "2022.12.12"]

1. d4 Nf6 2. c4 g6 3. g3 Bg7 4. Bg2 d6 5. Nc3 O-O 6. Nf3 c6 7. e4 Nbd7 8. O-O e5
9. Re1 Qe7 10. h3 a6 11. Be3 b5 12. c5 dxc5 13. Nxe5 Nxe5 14. dxe5 Nd7 15. f4
Re8 16. Qd6 Qe6 17. Rad1 Ra7 18. Qxe6 fxe6 19. Rd6 Rc7 20. h4 Bf8 21. Red1 Bxd6
22. exd6 Ra7 23. e5 Bb7 24. Ne4 Raa8 25. Nxc5 Nxc5 26. Bxc5 Red8 27. d7 Kf7 28.
Rd6 Ke7 29. Bh3 1-0

[Event "9th Sunway Sitges 2022"]
[Site "Sitges ESP"]
[Date "2022.12.20"]
[Round "8.62"]
[White "Chia, Yu Zhe Ashton"]
[Black "Alexiadis, Hristos"]
[Result "0-1"]
[BlackTitle "FM"]
[WhiteElo "1970"]
[BlackElo "2342"]
[WhiteFideId "5821304"]
[BlackFideId "4249623"]
[EventDate "2022.12.12"]

1. e4 c5 2. c3 d5 3. exd5 Qxd5 4. d4 Nc6 5. Nf3 Bf5 6. Be3 Nf6 7. Na3 cxd4 8.
Bc4 Qa5 9. Nxd4 Nxd4 10. Bxd4 e5 11. Bb5+ Bd7 12. Bxd7+ Nxd7 13. Nc4 Qd5 14. Qe2
f6 15. f4 Rc8 16. Nd2 Bc5 17. fxe5 Bxd4 18. cxd4 O-O 19. Qe4 Qxe4+ 20. Nxe4 fxe5
21. Rd1 Rf4 22. Nc3 exd4 23. Nd5 Re8+ 24. Kd2 Rf2+ 25. Kd3 Rxb2 26. Rhe1 Ne5+
27. Kxd4 Nc6+ 28. Kc5 Rxe1 29. Rxe1 Rxg2 30. Rb1 Na5 31. Rf1 h6 32. h4 Rxa2 33.
h5 Rg2 34. Ne7+ Kh7 35. Kd6 Rg5 36. Rh1 Nc6 37. Ng6 Rf5 38. Rb1 Na5 39. Rh1 b5
40. Ke6 Rf6+ 41. Kd5 Nc4 42. Re1 Rf5+ 43. Ke6 Rxh5 44. Ne7 b4 45. Re4 Rc5 46.
Kd7 b3 0-1

[Event "9th Sunway Sitges 2022"]
[Site "Sitges ESP"]
[Date "2022.12.20"]
[Round "8.63"]
[White "Tudor, Henry Edward"]
[Black "Karavade, Eesha"]
[Result "1/2-1/2"]
[BlackTitle "IM"]
[WhiteElo "1942"]
[BlackElo "2325"]
[WhiteFideId "2409836"]
[BlackFideId "5012600"]
[EventDate "2022.12.12"]

1. d4 d5 2. c4 e6 3. Nc3 Bb4 4. Qa4+ Nc6 5. e3 Nf6 6. Nf3 O-O 7. Bd3 dxc4 8.
Bxc4 Bd6 9. h3 Bd7 10. Qd1 e5 11. d5 Na5 12. Bd3 c6 13. dxc6 Bxc6 14. e4 Bb4 15.
Qe2 Bxc3+ 16. bxc3 Qd6 17. O-O Rfd8 18. Bc2 Qc5 19. Be3 Bb5 20. Bxc5 Bxe2 21.
Nxe5 Bxf1 22. Kxf1 Nd7 23. Nxd7 Rxd7 24. e5 Rc7 25. Bd4 Nc6 26. Bb3 Rd8 27. Rd1
Kh8 28. g3 Rcd7 29. Re1 Re7 30. Re4 Nxd4 31. cxd4 Red7 32. d5 1/2-1/2

[Event "9th Sunway Sitges 2022"]
[Site "Sitges ESP"]
[Date "2022.12.20"]
[Round "8.64"]
[White "Pourkashiyan, Atousa"]
[Black "Kholopov, Alexander A."]
[Result "0-1"]
[WhiteTitle "WGM"]
[BlackTitle "FM"]
[WhiteElo "2321"]
[BlackElo "2146"]
[WhiteFideId "12502014"]
[BlackFideId "4148100"]
[EventDate "2022.12.12"]

1. e4 e6 2. d4 d5 3. Nc3 Bb4 4. e5 b6 5. Qg4 Bf8 6. Nf3 Qd7 7. h4 h5 8. Qf4 Nh6
9. Ng5 Ba6 10. Be2 Nf5 11. Be3 Bxe2 12. Nxe2 Qb5 13. Ng3 g6 14. O-O-O Nc6 15. a3
Na5 16. Rd3 c5 17. Bd2 c4 18. Rf3 Nc6 19. Ne2 Qa4 20. g4 hxg4 21. Qxg4 c3 22.
Rxc3 Nxe5 23. Qg2 Nc4 24. Bf4 Rc8 25. Rhh3 b5 26. Kb1 b4 27. Rxc4 dxc4 28. axb4
Qc6 29. Ne4 Be7 30. h5 Ng7 31. hxg6 Rxh3 32. Qxh3 Qxe4 33. Be3 Qxg6 34. d5 Qh5
35. Qf1 Qxd5 36. Nf4 Qe4 37. Qh3 Bf6 38. Qh8+ Kd7 39. Qh2 c3 40. Ka2 cxb2 41.
Bc5 Qc4+ 0-1

[Event "9th Sunway Sitges 2022"]
[Site "Sitges ESP"]
[Date "2022.12.20"]
[Round "8.65"]
[White "Kushal O"]
[Black "Priyanka, Nutakki"]
[Result "0-1"]
[BlackTitle "WGM"]
[WhiteElo "1801"]
[BlackElo "2316"]
[WhiteFideId "25652753"]
[BlackFideId "25049615"]
[EventDate "2022.12.12"]

1. e4 d5 2. exd5 Qxd5 3. Nc3 Qa5 4. d4 e5 5. dxe5 Nc6 6. Nf3 Bg4 7. Bb5 Bb4 8.
O-O Bxc3 9. Bxc6+ bxc6 10. bxc3 Ne7 11. h3 Rd8 12. Qe2 Qxc3 13. Be3 Be6 14. Rfd1
O-O 15. Bxa7 Nf5 16. Rxd8 Rxd8 17. Rd1 Re8 18. Qd3 Qa5 19. Be3 Nxe3 20. Qxe3
Qxa2 21. Nd4 Bd5 22. Rd3 Qb1+ 23. Kh2 Qf1 24. Nf3 f6 25. c4 Rxe5 26. Qd4 Re4 27.
Qc3 Rxc4 28. Qd2 Qc1 29. Qxc1 Rxc1 30. Kg3 Kf7 31. Nd4 g6 32. Ne2 Rb1 33. Nf4
Rb3 34. Rxb3 Bxb3 35. Kf3 Bd5+ 36. Kg3 Ke7 37. f3 Bc4 38. Kf2 g5 39. Nh5 f5 40.
f4 h6 41. Ng7 Be6 42. Ke3 c5 43. Nh5 Kd6 44. Ng3 c4 45. Ne2 Kc5 46. g3 Kb4 47.
fxg5 hxg5 48. Kd2 c5 49. h4 f4 50. hxg5 f3 51. Nf4 c3+ 52. Ke3 Bc4 0-1

[Event "9th Sunway Sitges 2022"]
[Site "Sitges ESP"]
[Date "2022.12.20"]
[Round "8.66"]
[White "Saravanan, Durga"]
[Black "Dixit, Nikhil"]
[Result "1/2-1/2"]
[BlackTitle "FM"]
[WhiteElo "1784"]
[BlackElo "2306"]
[WhiteFideId "35068601"]
[BlackFideId "5059534"]
[EventDate "2022.12.12"]

1. d4 Nf6 2. c4 g6 3. Nc3 Bg7 4. e4 d6 5. Be2 O-O 6. Nf3 Nbd7 7. Be3 e5 8. O-O
Qe7 9. Qc2 exd4 10. Nxd4 c6 11. f3 Re8 12. Bf2 Nh5 13. Rfd1 Nf4 14. Bf1 Ne5 15.
Nce2 Nh5 16. Rac1 Bh6 17. Ra1 a6 18. b4 a5 19. c5 dxc5 20. bxc5 Nd7 21. Nb3 a4
22. Nd2 Ne5 23. Nc3 a3 24. Nc4 Nxc4 25. Bxc4 Be6 26. Na4 Rad8 27. Nb6 Nf4 28.
Kh1 Bg7 29. Rxd8 Rxd8 30. Rd1 g5 31. Be3 Be5 32. g3 Ng6 33. Rxd8+ Qxd8 34. Bxe6
fxe6 35. Nc4 h5 36. Nxa3 g4 37. f4 Qa5 38. fxe5 Qxa3 39. Bd4 Qf3+ 40. Kg1 h4 41.
Qb3 Qe2 42. Qxe6+ Kh7 43. Qf7+ Kh6 44. Qf1 Qxe4 45. Bb2 Kh5 46. Qd1 h3 47. Qd2
Nxe5 48. Bxe5 Qxe5 49. Qc1 Qe2 50. Qf1 Qe3+ 51. Kh1 Qe4+ 52. Kg1 Qe3+ 53. Kh1
Qxc5 54. Qf7+ Kg5 55. Qf4+ Kh5 56. Qf7+ Kh6 57. Qf6+ Kh7 58. Qh4+ Kg6 59. Qxg4+ 1/2-1/2

[Event "9th Sunway Sitges 2022"]
[Site "Sitges ESP"]
[Date "2022.12.20"]
[Round "8.67"]
[White "Baenziger, Fabian"]
[Black "Dietrich, Peter"]
[Result "1-0"]
[WhiteTitle "IM"]
[WhiteElo "2426"]
[BlackElo "2015"]
[WhiteFideId "1330110"]
[BlackFideId "1674897"]
[EventDate "2022.12.12"]

1. d4 Nf6 2. c4 e6 3. Nf3 d5 4. g3 Be7 5. Bg2 O-O 6. O-O b6 7. cxd5 exd5 8. Nc3
Bb7 9. Bf4 c6 10. Rc1 Re8 11. Ne5 Nbd7 12. h4 Nxe5 13. dxe5 Nd7 14. e4 dxe4 15.
Nxe4 Nc5 16. Nxc5 Bxc5 17. Qb3 Qe7 18. Rfd1 h6 19. Rd3 Rad8 20. Rcd1 Rxd3 21.
Rxd3 g5 22. hxg5 hxg5 23. Be3 Qxe5 24. Rd7 Re7 25. Rd8+ Kg7 26. Bxc5 Qxc5 27.
Qd1 Qf5 28. Qh5 Re1+ 29. Bf1 Qh7 30. Qxg5+ Qg6 31. Qh4 Rxf1+ 32. Kxf1 Qb1+ 33.
Kg2 c5+ 34. f3 Bxf3+ 35. Kxf3 Qf1+ 36. Kg4 Qe2+ 37. Kf4 Qf2+ 38. Ke5 Qe3+ 39.
Kd6 Qe6+ 40. Kc7 Qe5+ 41. Kb7 1-0

[Event "9th Sunway Sitges 2022"]
[Site "Sitges ESP"]
[Date "2022.12.20"]
[Round "8.68"]
[White "De Santis, Alessio"]
[Black "Wagh, Suyog"]
[Result "0-1"]
[WhiteTitle "FM"]
[BlackTitle "FM"]
[WhiteElo "2159"]
[BlackElo "2376"]
[WhiteFideId "803405"]
[BlackFideId "25071688"]
[EventDate "2022.12.12"]

1. b3 d5 2. Bb2 Bf5 3. Nf3 e6 4. e3 c6 5. Be2 h6 6. d3 Nf6 7. Nbd2 Nbd7 8. h3
Bh7 9. O-O Bd6 10. d4 Qc7 11. c4 O-O 12. a3 a5 13. Rc1 Rfe8 14. c5 Be7 15. Rc3
b6 16. cxb6 Qxb6 17. Bd3 Bxd3 18. Rxd3 c5 19. Rc3 Bd6 20. Qc2 Rab8 21. dxc5 Nxc5
22. Rc1 Nfe4 23. Nxe4 Nxe4 24. Rd3 Qa6 25. Qd1 Rbc8 26. Rb1 Be7 27. b4 Qc4 28.
b5 a4 29. b6 Qa2 30. Nd2 Nc5 31. Rd4 e5 32. Rb4 Nd3 33. Ra1 Nxb2 34. Qf1 Qxa1
35. Qxa1 Bxb4 36. Qxb2 Bc3 37. Qa2 Bxd2 38. Qxd2 Red8 39. Qb4 d4 40. exd4 exd4
41. b7 Rb8 42. Kf1 d3 43. Ke1 d2+ 44. Kd1 Rd7 45. Qxa4 Rbxb7 46. Qe4 Rbc7 47.
Qe8+ Kh7 48. Qe4+ g6 49. Qb1 h5 50. g4 h4 51. f4 Rc1+ 52. Qxc1 dxc1=Q+ 53. Kxc1
Rd3 54. Kb2 Rxh3 55. a4 Re3 56. a5 0-1